<?xml version="1.0" encoding="UTF-8"?>
<record
    xmlns:xsi="http://www.w3.org/2001/XMLSchema-instance"
    xsi:schemaLocation="http://www.loc.gov/MARC21/slim http://www.loc.gov/standards/marcxml/schema/MARC21slim.xsd"
    xmlns="http://www.loc.gov/MARC21/slim">

  <leader>00394nam a2200169Ia 4500</leader>
  <controlfield tag="003">OSt</controlfield>
  <controlfield tag="005">20240312150223.0</controlfield>
  <controlfield tag="008">170619s9999    xx            000 0 und d</controlfield>
  <datafield tag="020" ind1=" " ind2=" ">
    <subfield code="a">9780071240833</subfield>
  </datafield>
  <datafield tag="040" ind1=" " ind2=" ">
    <subfield code="c">IIMT ENGINEERING COLLEGE</subfield>
  </datafield>
  <datafield tag="100" ind1=" " ind2=" ">
    <subfield code="a">Pressman- Roger S.</subfield>
  </datafield>
  <datafield tag="245" ind1=" " ind2="0">
    <subfield code="a">SOFTWARE ENGINEERING</subfield>
  </datafield>
  <datafield tag="260" ind1=" " ind2=" ">
    <subfield code="b">Mc Graw Hill</subfield>
  </datafield>
  <datafield tag="260" ind1=" " ind2=" ">
    <subfield code="c">2005</subfield>
  </datafield>
  <datafield tag="546" ind1=" " ind2=" ">
    <subfield code="a">ENGLISH</subfield>
  </datafield>
  <datafield tag="942" ind1=" " ind2=" ">
    <subfield code="2">ddc</subfield>
    <subfield code="c">02</subfield>
  </datafield>
  <datafield tag="999" ind1=" " ind2=" ">
    <subfield code="c">18820</subfield>
    <subfield code="d">18820</subfield>
  </datafield>
  <datafield tag="952" ind1=" " ind2=" ">
    <subfield code="0">0</subfield>
    <subfield code="1">0</subfield>
    <subfield code="2">ddc</subfield>
    <subfield code="4">0</subfield>
    <subfield code="7">0</subfield>
    <subfield code="a">06</subfield>
    <subfield code="b">06</subfield>
    <subfield code="d">2008-12-18</subfield>
    <subfield code="e">1</subfield>
    <subfield code="p">06-B-27753</subfield>
    <subfield code="r">2017-07-03</subfield>
    <subfield code="u">CS</subfield>
    <subfield code="w">2017-07-03</subfield>
    <subfield code="y">02</subfield>
  </datafield>
  <datafield tag="952" ind1=" " ind2=" ">
    <subfield code="0">0</subfield>
    <subfield code="1">0</subfield>
    <subfield code="2">ddc</subfield>
    <subfield code="4">0</subfield>
    <subfield code="7">0</subfield>
    <subfield code="a">06</subfield>
    <subfield code="b">06</subfield>
    <subfield code="d">2008-12-18</subfield>
    <subfield code="e">1</subfield>
    <subfield code="p">06-B-27754</subfield>
    <subfield code="r">2017-07-03</subfield>
    <subfield code="u">CS</subfield>
    <subfield code="w">2017-07-03</subfield>
    <subfield code="y">02</subfield>
  </datafield>
  <datafield tag="952" ind1=" " ind2=" ">
    <subfield code="0">0</subfield>
    <subfield code="1">0</subfield>
    <subfield code="2">ddc</subfield>
    <subfield code="4">0</subfield>
    <subfield code="7">0</subfield>
    <subfield code="a">06</subfield>
    <subfield code="b">06</subfield>
    <subfield code="d">2008-12-18</subfield>
    <subfield code="e">1</subfield>
    <subfield code="p">06-B-27755</subfield>
    <subfield code="r">2017-07-03</subfield>
    <subfield code="u">CS</subfield>
    <subfield code="w">2017-07-03</subfield>
    <subfield code="y">02</subfield>
  </datafield>
  <datafield tag="952" ind1=" " ind2=" ">
    <subfield code="0">0</subfield>
    <subfield code="1">0</subfield>
    <subfield code="2">ddc</subfield>
    <subfield code="4">0</subfield>
    <subfield code="7">0</subfield>
    <subfield code="a">06</subfield>
    <subfield code="b">06</subfield>
    <subfield code="d">2008-12-18</subfield>
    <subfield code="e">1</subfield>
    <subfield code="p">06-B-27756</subfield>
    <subfield code="r">2017-07-03</subfield>
    <subfield code="u">CS</subfield>
    <subfield code="w">2017-07-03</subfield>
    <subfield code="y">02</subfield>
  </datafield>
  <datafield tag="952" ind1=" " ind2=" ">
    <subfield code="0">0</subfield>
    <subfield code="1">0</subfield>
    <subfield code="2">ddc</subfield>
    <subfield code="4">0</subfield>
    <subfield code="7">0</subfield>
    <subfield code="a">06</subfield>
    <subfield code="b">06</subfield>
    <subfield code="d">2008-12-18</subfield>
    <subfield code="e">1</subfield>
    <subfield code="p">06-B-27757</subfield>
    <subfield code="r">2017-07-03</subfield>
    <subfield code="u">CS</subfield>
    <subfield code="w">2017-07-03</subfield>
    <subfield code="y">02</subfield>
  </datafield>
  <datafield tag="952" ind1=" " ind2=" ">
    <subfield code="0">0</subfield>
    <subfield code="1">0</subfield>
    <subfield code="2">ddc</subfield>
    <subfield code="4">0</subfield>
    <subfield code="7">0</subfield>
    <subfield code="a">06</subfield>
    <subfield code="b">06</subfield>
    <subfield code="d">2008-12-18</subfield>
    <subfield code="e">1</subfield>
    <subfield code="p">06-B-27758</subfield>
    <subfield code="r">2017-07-03</subfield>
    <subfield code="u">CS</subfield>
    <subfield code="w">2017-07-03</subfield>
    <subfield code="y">02</subfield>
  </datafield>
  <datafield tag="952" ind1=" " ind2=" ">
    <subfield code="0">0</subfield>
    <subfield code="1">0</subfield>
    <subfield code="2">ddc</subfield>
    <subfield code="4">0</subfield>
    <subfield code="7">0</subfield>
    <subfield code="a">06</subfield>
    <subfield code="b">06</subfield>
    <subfield code="d">2008-12-18</subfield>
    <subfield code="e">1</subfield>
    <subfield code="p">06-B-27759</subfield>
    <subfield code="r">2017-07-03</subfield>
    <subfield code="u">CS</subfield>
    <subfield code="w">2017-07-03</subfield>
    <subfield code="y">02</subfield>
  </datafield>
  <datafield tag="952" ind1=" " ind2=" ">
    <subfield code="0">0</subfield>
    <subfield code="1">0</subfield>
    <subfield code="2">ddc</subfield>
    <subfield code="4">0</subfield>
    <subfield code="7">0</subfield>
    <subfield code="a">06</subfield>
    <subfield code="b">06</subfield>
    <subfield code="d">2008-12-18</subfield>
    <subfield code="e">1</subfield>
    <subfield code="p">06-B-27760</subfield>
    <subfield code="r">2017-07-03</subfield>
    <subfield code="u">CS</subfield>
    <subfield code="w">2017-07-03</subfield>
    <subfield code="y">02</subfield>
  </datafield>
  <datafield tag="952" ind1=" " ind2=" ">
    <subfield code="0">0</subfield>
    <subfield code="1">0</subfield>
    <subfield code="2">ddc</subfield>
    <subfield code="4">0</subfield>
    <subfield code="7">0</subfield>
    <subfield code="a">06</subfield>
    <subfield code="b">06</subfield>
    <subfield code="d">2008-12-18</subfield>
    <subfield code="e">1</subfield>
    <subfield code="p">06-B-27761</subfield>
    <subfield code="r">2017-07-03</subfield>
    <subfield code="u">CS</subfield>
    <subfield code="w">2017-07-03</subfield>
    <subfield code="y">02</subfield>
  </datafield>
  <datafield tag="952" ind1=" " ind2=" ">
    <subfield code="0">0</subfield>
    <subfield code="1">0</subfield>
    <subfield code="2">ddc</subfield>
    <subfield code="4">0</subfield>
    <subfield code="7">0</subfield>
    <subfield code="a">06</subfield>
    <subfield code="b">06</subfield>
    <subfield code="d">2008-12-18</subfield>
    <subfield code="e">1</subfield>
    <subfield code="p">06-B-27762</subfield>
    <subfield code="r">2017-07-03</subfield>
    <subfield code="u">CS</subfield>
    <subfield code="w">2017-07-03</subfield>
    <subfield code="y">02</subfield>
  </datafield>
  <datafield tag="952" ind1=" " ind2=" ">
    <subfield code="0">0</subfield>
    <subfield code="1">0</subfield>
    <subfield code="2">ddc</subfield>
    <subfield code="4">0</subfield>
    <subfield code="7">0</subfield>
    <subfield code="a">06</subfield>
    <subfield code="b">06</subfield>
    <subfield code="d">2008-12-18</subfield>
    <subfield code="e">1</subfield>
    <subfield code="p">06-B-27763</subfield>
    <subfield code="r">2017-07-03</subfield>
    <subfield code="u">CS</subfield>
    <subfield code="w">2017-07-03</subfield>
    <subfield code="y">02</subfield>
  </datafield>
  <datafield tag="952" ind1=" " ind2=" ">
    <subfield code="0">0</subfield>
    <subfield code="1">0</subfield>
    <subfield code="2">ddc</subfield>
    <subfield code="4">0</subfield>
    <subfield code="7">0</subfield>
    <subfield code="a">06</subfield>
    <subfield code="b">06</subfield>
    <subfield code="d">2008-12-18</subfield>
    <subfield code="e">1</subfield>
    <subfield code="p">06-B-27764</subfield>
    <subfield code="r">2017-07-03</subfield>
    <subfield code="u">CS</subfield>
    <subfield code="w">2017-07-03</subfield>
    <subfield code="y">02</subfield>
  </datafield>
  <datafield tag="952" ind1=" " ind2=" ">
    <subfield code="0">0</subfield>
    <subfield code="1">0</subfield>
    <subfield code="2">ddc</subfield>
    <subfield code="4">0</subfield>
    <subfield code="7">0</subfield>
    <subfield code="a">06</subfield>
    <subfield code="b">06</subfield>
    <subfield code="d">2008-12-18</subfield>
    <subfield code="e">1</subfield>
    <subfield code="p">06-B-27765</subfield>
    <subfield code="r">2017-07-03</subfield>
    <subfield code="u">CS</subfield>
    <subfield code="w">2017-07-03</subfield>
    <subfield code="y">02</subfield>
  </datafield>
  <datafield tag="952" ind1=" " ind2=" ">
    <subfield code="0">0</subfield>
    <subfield code="1">0</subfield>
    <subfield code="2">ddc</subfield>
    <subfield code="4">0</subfield>
    <subfield code="7">0</subfield>
    <subfield code="a">06</subfield>
    <subfield code="b">06</subfield>
    <subfield code="d">2008-12-18</subfield>
    <subfield code="e">1</subfield>
    <subfield code="l">1</subfield>
    <subfield code="p">06-B-27766</subfield>
    <subfield code="r">2026-04-27</subfield>
    <subfield code="s">2026-02-11</subfield>
    <subfield code="u">CS</subfield>
    <subfield code="w">2017-07-03</subfield>
    <subfield code="y">02</subfield>
  </datafield>
  <datafield tag="952" ind1=" " ind2=" ">
    <subfield code="0">0</subfield>
    <subfield code="1">0</subfield>
    <subfield code="2">ddc</subfield>
    <subfield code="4">0</subfield>
    <subfield code="7">0</subfield>
    <subfield code="a">06</subfield>
    <subfield code="b">06</subfield>
    <subfield code="d">2008-12-18</subfield>
    <subfield code="e">1</subfield>
    <subfield code="p">06-B-27767</subfield>
    <subfield code="r">2017-07-03</subfield>
    <subfield code="u">CS</subfield>
    <subfield code="w">2017-07-03</subfield>
    <subfield code="y">02</subfield>
  </datafield>
  <datafield tag="952" ind1=" " ind2=" ">
    <subfield code="0">0</subfield>
    <subfield code="1">0</subfield>
    <subfield code="2">ddc</subfield>
    <subfield code="4">0</subfield>
    <subfield code="7">0</subfield>
    <subfield code="a">06</subfield>
    <subfield code="b">06</subfield>
    <subfield code="d">2008-12-18</subfield>
    <subfield code="e">1</subfield>
    <subfield code="l">1</subfield>
    <subfield code="p">06-B-27768</subfield>
    <subfield code="r">2022-06-28</subfield>
    <subfield code="s">2022-03-29</subfield>
    <subfield code="u">CS</subfield>
    <subfield code="w">2017-07-03</subfield>
    <subfield code="y">02</subfield>
  </datafield>
  <datafield tag="952" ind1=" " ind2=" ">
    <subfield code="0">0</subfield>
    <subfield code="1">0</subfield>
    <subfield code="2">ddc</subfield>
    <subfield code="4">0</subfield>
    <subfield code="7">0</subfield>
    <subfield code="a">06</subfield>
    <subfield code="b">06</subfield>
    <subfield code="d">2008-12-18</subfield>
    <subfield code="e">1</subfield>
    <subfield code="p">06-B-27769</subfield>
    <subfield code="r">2017-07-03</subfield>
    <subfield code="u">CS</subfield>
    <subfield code="w">2017-07-03</subfield>
    <subfield code="y">02</subfield>
  </datafield>
  <datafield tag="952" ind1=" " ind2=" ">
    <subfield code="0">0</subfield>
    <subfield code="1">0</subfield>
    <subfield code="2">ddc</subfield>
    <subfield code="4">0</subfield>
    <subfield code="7">0</subfield>
    <subfield code="a">06</subfield>
    <subfield code="b">06</subfield>
    <subfield code="d">2008-12-18</subfield>
    <subfield code="e">1</subfield>
    <subfield code="p">06-B-27770</subfield>
    <subfield code="r">2017-07-03</subfield>
    <subfield code="u">CS</subfield>
    <subfield code="w">2017-07-03</subfield>
    <subfield code="y">02</subfield>
  </datafield>
  <datafield tag="952" ind1=" " ind2=" ">
    <subfield code="0">0</subfield>
    <subfield code="1">0</subfield>
    <subfield code="2">ddc</subfield>
    <subfield code="4">0</subfield>
    <subfield code="7">0</subfield>
    <subfield code="a">06</subfield>
    <subfield code="b">06</subfield>
    <subfield code="d">2008-12-18</subfield>
    <subfield code="e">1</subfield>
    <subfield code="p">06-B-27771</subfield>
    <subfield code="r">2017-07-03</subfield>
    <subfield code="u">CS</subfield>
    <subfield code="w">2017-07-03</subfield>
    <subfield code="y">02</subfield>
  </datafield>
  <datafield tag="952" ind1=" " ind2=" ">
    <subfield code="0">0</subfield>
    <subfield code="1">0</subfield>
    <subfield code="2">ddc</subfield>
    <subfield code="4">0</subfield>
    <subfield code="7">0</subfield>
    <subfield code="a">06</subfield>
    <subfield code="b">06</subfield>
    <subfield code="d">2008-12-18</subfield>
    <subfield code="e">1</subfield>
    <subfield code="p">06-B-27772</subfield>
    <subfield code="r">2017-07-03</subfield>
    <subfield code="u">CS</subfield>
    <subfield code="w">2017-07-03</subfield>
    <subfield code="y">02</subfield>
  </datafield>
  <datafield tag="952" ind1=" " ind2=" ">
    <subfield code="0">0</subfield>
    <subfield code="1">0</subfield>
    <subfield code="2">ddc</subfield>
    <subfield code="4">0</subfield>
    <subfield code="7">0</subfield>
    <subfield code="a">06</subfield>
    <subfield code="b">06</subfield>
    <subfield code="d">2008-12-18</subfield>
    <subfield code="e">1</subfield>
    <subfield code="p">06-B-27773</subfield>
    <subfield code="r">2017-07-03</subfield>
    <subfield code="u">CS</subfield>
    <subfield code="w">2017-07-03</subfield>
    <subfield code="y">02</subfield>
  </datafield>
  <datafield tag="952" ind1=" " ind2=" ">
    <subfield code="0">0</subfield>
    <subfield code="1">0</subfield>
    <subfield code="2">ddc</subfield>
    <subfield code="4">0</subfield>
    <subfield code="7">0</subfield>
    <subfield code="a">06</subfield>
    <subfield code="b">06</subfield>
    <subfield code="d">2008-12-18</subfield>
    <subfield code="e">1</subfield>
    <subfield code="p">06-B-27774</subfield>
    <subfield code="r">2017-07-03</subfield>
    <subfield code="u">CS</subfield>
    <subfield code="w">2017-07-03</subfield>
    <subfield code="y">02</subfield>
  </datafield>
  <datafield tag="952" ind1=" " ind2=" ">
    <subfield code="0">0</subfield>
    <subfield code="1">0</subfield>
    <subfield code="2">ddc</subfield>
    <subfield code="4">0</subfield>
    <subfield code="7">0</subfield>
    <subfield code="a">06</subfield>
    <subfield code="b">06</subfield>
    <subfield code="d">2008-12-18</subfield>
    <subfield code="e">1</subfield>
    <subfield code="p">06-B-27775</subfield>
    <subfield code="r">2017-07-03</subfield>
    <subfield code="u">CS</subfield>
    <subfield code="w">2017-07-03</subfield>
    <subfield code="y">02</subfield>
  </datafield>
  <datafield tag="952" ind1=" " ind2=" ">
    <subfield code="0">0</subfield>
    <subfield code="1">0</subfield>
    <subfield code="2">ddc</subfield>
    <subfield code="4">0</subfield>
    <subfield code="7">0</subfield>
    <subfield code="a">06</subfield>
    <subfield code="b">06</subfield>
    <subfield code="d">2008-12-18</subfield>
    <subfield code="e">1</subfield>
    <subfield code="p">06-B-27776</subfield>
    <subfield code="r">2017-07-03</subfield>
    <subfield code="u">CS</subfield>
    <subfield code="w">2017-07-03</subfield>
    <subfield code="y">02</subfield>
  </datafield>
  <datafield tag="952" ind1=" " ind2=" ">
    <subfield code="0">0</subfield>
    <subfield code="1">0</subfield>
    <subfield code="2">ddc</subfield>
    <subfield code="4">0</subfield>
    <subfield code="7">0</subfield>
    <subfield code="a">06</subfield>
    <subfield code="b">06</subfield>
    <subfield code="d">2008-12-18</subfield>
    <subfield code="e">1</subfield>
    <subfield code="p">06-B-27777</subfield>
    <subfield code="r">2017-07-03</subfield>
    <subfield code="u">CS</subfield>
    <subfield code="w">2017-07-03</subfield>
    <subfield code="y">02</subfield>
  </datafield>
  <datafield tag="952" ind1=" " ind2=" ">
    <subfield code="0">0</subfield>
    <subfield code="1">0</subfield>
    <subfield code="2">ddc</subfield>
    <subfield code="4">0</subfield>
    <subfield code="7">0</subfield>
    <subfield code="a">06</subfield>
    <subfield code="b">06</subfield>
    <subfield code="d">2008-12-18</subfield>
    <subfield code="e">1</subfield>
    <subfield code="p">06-B-27778</subfield>
    <subfield code="r">2017-07-03</subfield>
    <subfield code="u">CS</subfield>
    <subfield code="w">2017-07-03</subfield>
    <subfield code="y">02</subfield>
  </datafield>
  <datafield tag="952" ind1=" " ind2=" ">
    <subfield code="0">0</subfield>
    <subfield code="1">0</subfield>
    <subfield code="2">ddc</subfield>
    <subfield code="4">0</subfield>
    <subfield code="7">0</subfield>
    <subfield code="a">06</subfield>
    <subfield code="b">06</subfield>
    <subfield code="d">2008-12-18</subfield>
    <subfield code="e">1</subfield>
    <subfield code="l">1</subfield>
    <subfield code="p">06-B-27779</subfield>
    <subfield code="r">2021-10-01</subfield>
    <subfield code="s">2021-04-05</subfield>
    <subfield code="u">CS</subfield>
    <subfield code="w">2017-07-03</subfield>
    <subfield code="y">02</subfield>
  </datafield>
  <datafield tag="952" ind1=" " ind2=" ">
    <subfield code="0">0</subfield>
    <subfield code="1">0</subfield>
    <subfield code="2">ddc</subfield>
    <subfield code="4">0</subfield>
    <subfield code="7">0</subfield>
    <subfield code="a">06</subfield>
    <subfield code="b">06</subfield>
    <subfield code="d">2008-12-18</subfield>
    <subfield code="e">1</subfield>
    <subfield code="p">06-B-27780</subfield>
    <subfield code="r">2017-07-03</subfield>
    <subfield code="u">CS</subfield>
    <subfield code="w">2017-07-03</subfield>
    <subfield code="y">02</subfield>
  </datafield>
  <datafield tag="952" ind1=" " ind2=" ">
    <subfield code="0">0</subfield>
    <subfield code="1">0</subfield>
    <subfield code="2">ddc</subfield>
    <subfield code="4">0</subfield>
    <subfield code="7">0</subfield>
    <subfield code="a">06</subfield>
    <subfield code="b">06</subfield>
    <subfield code="d">2008-12-18</subfield>
    <subfield code="e">1</subfield>
    <subfield code="p">06-B-27781</subfield>
    <subfield code="r">2017-07-03</subfield>
    <subfield code="u">CS</subfield>
    <subfield code="w">2017-07-03</subfield>
    <subfield code="y">02</subfield>
  </datafield>
  <datafield tag="952" ind1=" " ind2=" ">
    <subfield code="0">0</subfield>
    <subfield code="1">0</subfield>
    <subfield code="2">ddc</subfield>
    <subfield code="4">0</subfield>
    <subfield code="7">0</subfield>
    <subfield code="a">06</subfield>
    <subfield code="b">06</subfield>
    <subfield code="d">2008-12-18</subfield>
    <subfield code="e">1</subfield>
    <subfield code="p">06-B-27782</subfield>
    <subfield code="r">2017-07-03</subfield>
    <subfield code="u">CS</subfield>
    <subfield code="w">2017-07-03</subfield>
    <subfield code="y">02</subfield>
  </datafield>
  <datafield tag="952" ind1=" " ind2=" ">
    <subfield code="0">0</subfield>
    <subfield code="1">0</subfield>
    <subfield code="2">ddc</subfield>
    <subfield code="4">0</subfield>
    <subfield code="7">0</subfield>
    <subfield code="a">06</subfield>
    <subfield code="b">06</subfield>
    <subfield code="d">2008-12-18</subfield>
    <subfield code="e">1</subfield>
    <subfield code="p">06-B-27783</subfield>
    <subfield code="r">2017-07-03</subfield>
    <subfield code="u">CS</subfield>
    <subfield code="w">2017-07-03</subfield>
    <subfield code="y">02</subfield>
  </datafield>
  <datafield tag="952" ind1=" " ind2=" ">
    <subfield code="0">0</subfield>
    <subfield code="1">0</subfield>
    <subfield code="2">ddc</subfield>
    <subfield code="4">0</subfield>
    <subfield code="7">0</subfield>
    <subfield code="a">06</subfield>
    <subfield code="b">06</subfield>
    <subfield code="d">2008-12-18</subfield>
    <subfield code="e">1</subfield>
    <subfield code="l">5</subfield>
    <subfield code="m">1</subfield>
    <subfield code="p">06-B-27784</subfield>
    <subfield code="r">2021-09-28</subfield>
    <subfield code="s">2021-06-18</subfield>
    <subfield code="u">CS</subfield>
    <subfield code="w">2017-07-03</subfield>
    <subfield code="y">02</subfield>
  </datafield>
  <datafield tag="952" ind1=" " ind2=" ">
    <subfield code="0">0</subfield>
    <subfield code="1">0</subfield>
    <subfield code="2">ddc</subfield>
    <subfield code="4">0</subfield>
    <subfield code="7">0</subfield>
    <subfield code="a">06</subfield>
    <subfield code="b">06</subfield>
    <subfield code="d">2008-12-18</subfield>
    <subfield code="e">1</subfield>
    <subfield code="p">06-B-27785</subfield>
    <subfield code="r">2017-07-03</subfield>
    <subfield code="u">CS</subfield>
    <subfield code="w">2017-07-03</subfield>
    <subfield code="y">02</subfield>
  </datafield>
  <datafield tag="952" ind1=" " ind2=" ">
    <subfield code="0">0</subfield>
    <subfield code="1">0</subfield>
    <subfield code="2">ddc</subfield>
    <subfield code="4">0</subfield>
    <subfield code="7">0</subfield>
    <subfield code="a">06</subfield>
    <subfield code="b">06</subfield>
    <subfield code="d">2008-12-18</subfield>
    <subfield code="e">1</subfield>
    <subfield code="p">06-B-27786</subfield>
    <subfield code="r">2017-07-03</subfield>
    <subfield code="u">CS</subfield>
    <subfield code="w">2017-07-03</subfield>
    <subfield code="y">02</subfield>
  </datafield>
  <datafield tag="952" ind1=" " ind2=" ">
    <subfield code="0">0</subfield>
    <subfield code="1">0</subfield>
    <subfield code="2">ddc</subfield>
    <subfield code="4">0</subfield>
    <subfield code="7">0</subfield>
    <subfield code="a">06</subfield>
    <subfield code="b">06</subfield>
    <subfield code="d">2008-12-18</subfield>
    <subfield code="e">1</subfield>
    <subfield code="p">06-B-27787</subfield>
    <subfield code="r">2017-07-03</subfield>
    <subfield code="u">CS</subfield>
    <subfield code="w">2017-07-03</subfield>
    <subfield code="y">02</subfield>
  </datafield>
  <datafield tag="952" ind1=" " ind2=" ">
    <subfield code="0">0</subfield>
    <subfield code="1">0</subfield>
    <subfield code="2">ddc</subfield>
    <subfield code="4">0</subfield>
    <subfield code="7">0</subfield>
    <subfield code="a">06</subfield>
    <subfield code="b">06</subfield>
    <subfield code="d">2008-12-18</subfield>
    <subfield code="e">1</subfield>
    <subfield code="l">2</subfield>
    <subfield code="p">06-B-27788</subfield>
    <subfield code="r">2025-06-16</subfield>
    <subfield code="s">2025-05-06</subfield>
    <subfield code="u">CS</subfield>
    <subfield code="w">2017-07-03</subfield>
    <subfield code="y">02</subfield>
  </datafield>
  <datafield tag="952" ind1=" " ind2=" ">
    <subfield code="0">0</subfield>
    <subfield code="1">0</subfield>
    <subfield code="2">ddc</subfield>
    <subfield code="4">0</subfield>
    <subfield code="7">0</subfield>
    <subfield code="a">06</subfield>
    <subfield code="b">06</subfield>
    <subfield code="d">2008-12-18</subfield>
    <subfield code="e">1</subfield>
    <subfield code="p">06-B-27789</subfield>
    <subfield code="r">2017-07-03</subfield>
    <subfield code="u">CS</subfield>
    <subfield code="w">2017-07-03</subfield>
    <subfield code="y">02</subfield>
  </datafield>
  <datafield tag="952" ind1=" " ind2=" ">
    <subfield code="0">0</subfield>
    <subfield code="1">0</subfield>
    <subfield code="2">ddc</subfield>
    <subfield code="4">0</subfield>
    <subfield code="7">0</subfield>
    <subfield code="a">06</subfield>
    <subfield code="b">06</subfield>
    <subfield code="d">2008-12-18</subfield>
    <subfield code="e">1</subfield>
    <subfield code="p">06-B-27790</subfield>
    <subfield code="r">2017-07-03</subfield>
    <subfield code="u">CS</subfield>
    <subfield code="w">2017-07-03</subfield>
    <subfield code="y">02</subfield>
  </datafield>
  <datafield tag="952" ind1=" " ind2=" ">
    <subfield code="0">0</subfield>
    <subfield code="1">0</subfield>
    <subfield code="2">ddc</subfield>
    <subfield code="4">0</subfield>
    <subfield code="7">0</subfield>
    <subfield code="a">06</subfield>
    <subfield code="b">06</subfield>
    <subfield code="d">2008-12-18</subfield>
    <subfield code="e">1</subfield>
    <subfield code="l">3</subfield>
    <subfield code="m">3</subfield>
    <subfield code="p">06-B-27791</subfield>
    <subfield code="r">2022-06-24</subfield>
    <subfield code="s">2022-03-14</subfield>
    <subfield code="u">CS</subfield>
    <subfield code="w">2017-07-03</subfield>
    <subfield code="y">02</subfield>
  </datafield>
  <datafield tag="952" ind1=" " ind2=" ">
    <subfield code="0">0</subfield>
    <subfield code="1">0</subfield>
    <subfield code="2">ddc</subfield>
    <subfield code="4">0</subfield>
    <subfield code="7">0</subfield>
    <subfield code="a">06</subfield>
    <subfield code="b">06</subfield>
    <subfield code="d">2008-12-18</subfield>
    <subfield code="e">1</subfield>
    <subfield code="p">06-B-27792</subfield>
    <subfield code="r">2017-07-03</subfield>
    <subfield code="u">CS</subfield>
    <subfield code="w">2017-07-03</subfield>
    <subfield code="y">02</subfield>
  </datafield>
  <datafield tag="952" ind1=" " ind2=" ">
    <subfield code="0">0</subfield>
    <subfield code="1">0</subfield>
    <subfield code="2">ddc</subfield>
    <subfield code="4">0</subfield>
    <subfield code="7">0</subfield>
    <subfield code="a">06</subfield>
    <subfield code="b">06</subfield>
    <subfield code="d">2008-12-18</subfield>
    <subfield code="e">1</subfield>
    <subfield code="l">1</subfield>
    <subfield code="p">06-B-27793</subfield>
    <subfield code="r">2022-06-21</subfield>
    <subfield code="s">2022-04-05</subfield>
    <subfield code="u">CS</subfield>
    <subfield code="w">2017-07-03</subfield>
    <subfield code="y">02</subfield>
  </datafield>
  <datafield tag="952" ind1=" " ind2=" ">
    <subfield code="0">0</subfield>
    <subfield code="1">0</subfield>
    <subfield code="2">ddc</subfield>
    <subfield code="4">0</subfield>
    <subfield code="7">0</subfield>
    <subfield code="a">06</subfield>
    <subfield code="b">06</subfield>
    <subfield code="d">2008-12-18</subfield>
    <subfield code="e">1</subfield>
    <subfield code="l">2</subfield>
    <subfield code="m">2</subfield>
    <subfield code="p">06-B-27794</subfield>
    <subfield code="r">2018-06-06</subfield>
    <subfield code="s">2018-04-28</subfield>
    <subfield code="u">CS</subfield>
    <subfield code="w">2017-07-03</subfield>
    <subfield code="y">02</subfield>
  </datafield>
  <datafield tag="952" ind1=" " ind2=" ">
    <subfield code="0">0</subfield>
    <subfield code="1">0</subfield>
    <subfield code="2">ddc</subfield>
    <subfield code="4">0</subfield>
    <subfield code="7">0</subfield>
    <subfield code="a">06</subfield>
    <subfield code="b">06</subfield>
    <subfield code="d">2008-12-18</subfield>
    <subfield code="e">1</subfield>
    <subfield code="p">06-B-27795</subfield>
    <subfield code="r">2017-07-03</subfield>
    <subfield code="u">CS</subfield>
    <subfield code="w">2017-07-03</subfield>
    <subfield code="y">02</subfield>
  </datafield>
  <datafield tag="952" ind1=" " ind2=" ">
    <subfield code="0">0</subfield>
    <subfield code="1">0</subfield>
    <subfield code="2">ddc</subfield>
    <subfield code="4">0</subfield>
    <subfield code="7">0</subfield>
    <subfield code="a">06</subfield>
    <subfield code="b">06</subfield>
    <subfield code="d">2008-12-18</subfield>
    <subfield code="e">1</subfield>
    <subfield code="p">06-B-27796</subfield>
    <subfield code="r">2017-07-03</subfield>
    <subfield code="u">CS</subfield>
    <subfield code="w">2017-07-03</subfield>
    <subfield code="y">02</subfield>
  </datafield>
  <datafield tag="952" ind1=" " ind2=" ">
    <subfield code="0">0</subfield>
    <subfield code="1">0</subfield>
    <subfield code="2">ddc</subfield>
    <subfield code="4">0</subfield>
    <subfield code="7">0</subfield>
    <subfield code="a">06</subfield>
    <subfield code="b">06</subfield>
    <subfield code="d">2008-12-18</subfield>
    <subfield code="e">1</subfield>
    <subfield code="p">06-B-27797</subfield>
    <subfield code="r">2017-07-03</subfield>
    <subfield code="u">CS</subfield>
    <subfield code="w">2017-07-03</subfield>
    <subfield code="y">02</subfield>
  </datafield>
  <datafield tag="952" ind1=" " ind2=" ">
    <subfield code="0">0</subfield>
    <subfield code="1">0</subfield>
    <subfield code="2">ddc</subfield>
    <subfield code="4">0</subfield>
    <subfield code="7">0</subfield>
    <subfield code="a">06</subfield>
    <subfield code="b">06</subfield>
    <subfield code="d">2008-12-18</subfield>
    <subfield code="e">1</subfield>
    <subfield code="l">2</subfield>
    <subfield code="p">06-B-27798</subfield>
    <subfield code="r">2021-09-20</subfield>
    <subfield code="s">2021-04-05</subfield>
    <subfield code="u">CS</subfield>
    <subfield code="w">2017-07-03</subfield>
    <subfield code="y">02</subfield>
  </datafield>
  <datafield tag="952" ind1=" " ind2=" ">
    <subfield code="0">0</subfield>
    <subfield code="1">0</subfield>
    <subfield code="2">ddc</subfield>
    <subfield code="4">0</subfield>
    <subfield code="7">0</subfield>
    <subfield code="a">06</subfield>
    <subfield code="b">06</subfield>
    <subfield code="d">2008-12-18</subfield>
    <subfield code="e">1</subfield>
    <subfield code="p">06-B-27799</subfield>
    <subfield code="r">2017-07-03</subfield>
    <subfield code="u">CS</subfield>
    <subfield code="w">2017-07-03</subfield>
    <subfield code="y">02</subfield>
  </datafield>
  <datafield tag="952" ind1=" " ind2=" ">
    <subfield code="0">0</subfield>
    <subfield code="1">0</subfield>
    <subfield code="2">ddc</subfield>
    <subfield code="4">0</subfield>
    <subfield code="7">0</subfield>
    <subfield code="a">06</subfield>
    <subfield code="b">06</subfield>
    <subfield code="d">2008-12-18</subfield>
    <subfield code="e">1</subfield>
    <subfield code="p">06-B-27800</subfield>
    <subfield code="r">2017-07-03</subfield>
    <subfield code="u">CS</subfield>
    <subfield code="w">2017-07-03</subfield>
    <subfield code="y">02</subfield>
  </datafield>
  <datafield tag="952" ind1=" " ind2=" ">
    <subfield code="0">0</subfield>
    <subfield code="1">0</subfield>
    <subfield code="2">ddc</subfield>
    <subfield code="4">0</subfield>
    <subfield code="7">0</subfield>
    <subfield code="a">06</subfield>
    <subfield code="b">06</subfield>
    <subfield code="d">2008-12-18</subfield>
    <subfield code="e">1</subfield>
    <subfield code="p">06-B-27801</subfield>
    <subfield code="r">2017-07-03</subfield>
    <subfield code="u">CS</subfield>
    <subfield code="w">2017-07-03</subfield>
    <subfield code="y">02</subfield>
  </datafield>
  <datafield tag="952" ind1=" " ind2=" ">
    <subfield code="0">0</subfield>
    <subfield code="1">0</subfield>
    <subfield code="2">ddc</subfield>
    <subfield code="4">0</subfield>
    <subfield code="7">0</subfield>
    <subfield code="a">06</subfield>
    <subfield code="b">06</subfield>
    <subfield code="d">2008-12-18</subfield>
    <subfield code="e">1</subfield>
    <subfield code="p">06-B-27802</subfield>
    <subfield code="r">2017-07-03</subfield>
    <subfield code="u">CS</subfield>
    <subfield code="w">2017-07-03</subfield>
    <subfield code="y">02</subfield>
  </datafield>
  <datafield tag="952" ind1=" " ind2=" ">
    <subfield code="0">0</subfield>
    <subfield code="1">0</subfield>
    <subfield code="2">ddc</subfield>
    <subfield code="4">0</subfield>
    <subfield code="7">0</subfield>
    <subfield code="a">06</subfield>
    <subfield code="b">06</subfield>
    <subfield code="d">2008-12-18</subfield>
    <subfield code="e">1</subfield>
    <subfield code="p">06-B-27803</subfield>
    <subfield code="r">2017-07-03</subfield>
    <subfield code="u">CS</subfield>
    <subfield code="w">2017-07-03</subfield>
    <subfield code="y">02</subfield>
  </datafield>
  <datafield tag="952" ind1=" " ind2=" ">
    <subfield code="0">0</subfield>
    <subfield code="1">0</subfield>
    <subfield code="2">ddc</subfield>
    <subfield code="4">0</subfield>
    <subfield code="7">0</subfield>
    <subfield code="a">06</subfield>
    <subfield code="b">06</subfield>
    <subfield code="d">2008-12-18</subfield>
    <subfield code="e">1</subfield>
    <subfield code="p">06-B-27804</subfield>
    <subfield code="r">2017-07-03</subfield>
    <subfield code="u">CS</subfield>
    <subfield code="w">2017-07-03</subfield>
    <subfield code="y">02</subfield>
  </datafield>
  <datafield tag="952" ind1=" " ind2=" ">
    <subfield code="0">0</subfield>
    <subfield code="1">0</subfield>
    <subfield code="2">ddc</subfield>
    <subfield code="4">0</subfield>
    <subfield code="7">0</subfield>
    <subfield code="a">06</subfield>
    <subfield code="b">06</subfield>
    <subfield code="d">2008-12-18</subfield>
    <subfield code="e">1</subfield>
    <subfield code="p">06-B-27805</subfield>
    <subfield code="r">2017-07-03</subfield>
    <subfield code="u">CS</subfield>
    <subfield code="w">2017-07-03</subfield>
    <subfield code="y">02</subfield>
  </datafield>
  <datafield tag="952" ind1=" " ind2=" ">
    <subfield code="0">0</subfield>
    <subfield code="1">0</subfield>
    <subfield code="2">ddc</subfield>
    <subfield code="4">0</subfield>
    <subfield code="7">0</subfield>
    <subfield code="a">06</subfield>
    <subfield code="b">06</subfield>
    <subfield code="d">2008-12-18</subfield>
    <subfield code="e">1</subfield>
    <subfield code="p">06-B-27806</subfield>
    <subfield code="r">2017-07-03</subfield>
    <subfield code="u">CS</subfield>
    <subfield code="w">2017-07-03</subfield>
    <subfield code="y">02</subfield>
  </datafield>
  <datafield tag="952" ind1=" " ind2=" ">
    <subfield code="0">0</subfield>
    <subfield code="1">0</subfield>
    <subfield code="2">ddc</subfield>
    <subfield code="4">0</subfield>
    <subfield code="7">0</subfield>
    <subfield code="a">06</subfield>
    <subfield code="b">06</subfield>
    <subfield code="d">2008-12-18</subfield>
    <subfield code="e">1</subfield>
    <subfield code="l">1</subfield>
    <subfield code="p">06-B-27807</subfield>
    <subfield code="r">2022-06-18</subfield>
    <subfield code="s">2022-03-08</subfield>
    <subfield code="u">CS</subfield>
    <subfield code="w">2017-07-03</subfield>
    <subfield code="y">02</subfield>
  </datafield>
  <datafield tag="952" ind1=" " ind2=" ">
    <subfield code="0">0</subfield>
    <subfield code="1">0</subfield>
    <subfield code="2">ddc</subfield>
    <subfield code="4">0</subfield>
    <subfield code="7">0</subfield>
    <subfield code="a">06</subfield>
    <subfield code="b">06</subfield>
    <subfield code="d">2008-12-18</subfield>
    <subfield code="e">1</subfield>
    <subfield code="p">06-B-27808</subfield>
    <subfield code="r">2017-07-03</subfield>
    <subfield code="u">CS</subfield>
    <subfield code="w">2017-07-03</subfield>
    <subfield code="y">02</subfield>
  </datafield>
  <datafield tag="952" ind1=" " ind2=" ">
    <subfield code="0">0</subfield>
    <subfield code="1">0</subfield>
    <subfield code="2">ddc</subfield>
    <subfield code="4">0</subfield>
    <subfield code="7">0</subfield>
    <subfield code="a">06</subfield>
    <subfield code="b">06</subfield>
    <subfield code="d">2008-12-18</subfield>
    <subfield code="e">1</subfield>
    <subfield code="p">06-B-27809</subfield>
    <subfield code="r">2017-07-03</subfield>
    <subfield code="u">CS</subfield>
    <subfield code="w">2017-07-03</subfield>
    <subfield code="y">02</subfield>
  </datafield>
  <datafield tag="952" ind1=" " ind2=" ">
    <subfield code="0">0</subfield>
    <subfield code="1">0</subfield>
    <subfield code="2">ddc</subfield>
    <subfield code="4">0</subfield>
    <subfield code="7">0</subfield>
    <subfield code="a">06</subfield>
    <subfield code="b">06</subfield>
    <subfield code="d">2008-12-18</subfield>
    <subfield code="e">1</subfield>
    <subfield code="p">06-B-27810</subfield>
    <subfield code="r">2017-07-03</subfield>
    <subfield code="u">CS</subfield>
    <subfield code="w">2017-07-03</subfield>
    <subfield code="y">02</subfield>
  </datafield>
  <datafield tag="952" ind1=" " ind2=" ">
    <subfield code="0">0</subfield>
    <subfield code="1">0</subfield>
    <subfield code="2">ddc</subfield>
    <subfield code="4">0</subfield>
    <subfield code="7">0</subfield>
    <subfield code="a">06</subfield>
    <subfield code="b">06</subfield>
    <subfield code="d">2008-12-18</subfield>
    <subfield code="e">1</subfield>
    <subfield code="p">06-B-27811</subfield>
    <subfield code="r">2017-07-03</subfield>
    <subfield code="u">CS</subfield>
    <subfield code="w">2017-07-03</subfield>
    <subfield code="y">02</subfield>
  </datafield>
  <datafield tag="952" ind1=" " ind2=" ">
    <subfield code="0">0</subfield>
    <subfield code="1">0</subfield>
    <subfield code="2">ddc</subfield>
    <subfield code="4">0</subfield>
    <subfield code="7">0</subfield>
    <subfield code="a">06</subfield>
    <subfield code="b">06</subfield>
    <subfield code="d">2008-12-18</subfield>
    <subfield code="e">1</subfield>
    <subfield code="p">06-B-27812</subfield>
    <subfield code="r">2017-07-03</subfield>
    <subfield code="u">CS</subfield>
    <subfield code="w">2017-07-03</subfield>
    <subfield code="y">02</subfield>
  </datafield>
</record>
